Vestígio / (Record no. 176)

MARC details
000 -LÍDER
campo de controle de tamanho fixo 01518nam a2200349 4500
001 - NÚMERO DE CONTROLE
campo de controle 176
003 - IDENTIFICADOR DO NÚMERO DE CONTROLE
campo de controle OSt
005 - DATA E HORÁRIO DA ÚLTIMA TRANSAÇÃO
campo de controle 20250528074014.0
008 - CAMPO DE DADOS FIXOS--INFORMAÇÃO GERAL
campo de controle de tamanho fixo 250130b |||||||g |||| 00| 1 eng d
020 ## - ISBN - INTERNATIONAL STANDARD BOOK NUMBER
ISBN - International Standard Book Number 9788535911817
040 ## - FONTE DA CATALOGAÇÃO
Idioma da catalogação por
041 ## - CÓDIGO DE IDIOMA
Código do idioma do original e/ou traduções intermediárias do texto eng
Código do idioma do texto/trilha sonora ou título diferente por
082 ## - CDD - CLASSIFICAÇÃO DECIMAL DE DEWEY
Número de Classificação 813
Número do exemplar C821.2v
100 1# - ENTRADA PRINCIPAL--NOME PESSOAL
Nome pessoal Cornwell, Patricia Daniels,
Datas associadas ao nome 1956-
9 (RLIN) 329
240 ## - TÍTULO UNIFORME
Título uniforme Trace
245 ## - TÍTULO
Título Vestígio /
Indicação de responsabilidade, etc. Cornwell, Patricia ; Tradução de Claudio Carina e Otacílio Nunes
260 ## - PUBLICAÇÃO, DISTRIBUIÇÃO, ETC.
Local de publicação, distribuição, etc. São Paulo
Nome do editor, distribuidor, etc. Companhia das Letras
Data da publicação, distribuição, etc. 2008
300 ## - DESCRIÇÃO FÍSICA
Extensão 444 p.
490 1# - TÍTULO DA SÉRIE
Título da série Kay Scarpetta
Número do volume ou designação sequencial da série Livro 13
520 ## - NOTA DE RESUMO, ETC.
Resumo, etc. Cinco anos depois de ser sumariamente afastada de seu emprego como legista-chefe da Virgínia, Kay Scarpetta volta a Richmond atendendo ao pedido de seu sucessor para um caso difícil Gilly Paulsson,uma garota de catorze anos, foi encontrada morta em sua cama. Ao chegar ao seu antigo quartel- general, logo percebe que deveria ter recusado o trabalho. Seu sucessor é um tipo esquivo e incompetente, seu antigo escritório está sendo demolido, e as manobras políticas tecidas ao fundo dos acontecimentos ameaçam engoli-la de vez.
650 #0 - ASSUNTO--TERMO TÓPICO
Cabeçalho tópico ou nome geográfico Literatura Americana
9 (RLIN) 84
650 #0 - ASSUNTO--TERMO TÓPICO
Cabeçalho tópico ou nome geográfico Crime e Investigação
9 (RLIN) 13
650 #0 - ASSUNTO--TERMO TÓPICO
Cabeçalho tópico ou nome geográfico Romance Policial
9 (RLIN) 11
650 #0 - ASSUNTO--TERMO TÓPICO
Cabeçalho tópico ou nome geográfico Mistério
9 (RLIN) 42
650 #0 - ASSUNTO--TERMO TÓPICO
Cabeçalho tópico ou nome geográfico Suspense
9 (RLIN) 10
655 #0 - TERMO DE ÍNDICE--GÊNERO E FORMA
Gênero/forma/ou termo foco Romance
655 #0 - TERMO DE ÍNDICE--GÊNERO E FORMA
Gênero/forma/ou termo foco Ficção
700 ## - ENTRADA ADICIONADA - NOME PESSOAL
Nome pessoal Claudio Carina
Função do autor por extenso Tradutor
9 (RLIN) 330
700 ## - ENTRADA ADICIONADA - NOME PESSOAL
Nome pessoal Otacílio Nunes
Função do autor por extenso Tradutor
9 (RLIN) 331
830 ## - ENTRADA SECUNDÁRIA DE SÉRIE--TÍTULO UNIFORME
Título uniforme Kay Scarpetta
Número do volume ou designação sequencial da série Livro 13
9 (RLIN) 332
942 ## - ELEMENTOS DE ENTRADA ADICIONADOS (KOHA)
Fonte de classificação ou esquema de arquivamento Classificação decimal de Dewey
Ocultar no OPAC Não
Tipo de material Koha Livros
Holdings
Situação do descarte Situação das perdas Fonte de classificação ou esquema de arquivamento Status danificado Não pode ser emprestado Coleção Biblioteca de origem Biblioteca atual Localização na estante Data de aquisição Fonte de aquisição Total de empréstimos Número de chamada completo Código de barras Data de último acesso Data do preço efetivo Tipo de material Koha
    Classificação decimal de Dewey     Ficção Biblioteca Professor Eduardo Afonso de Castro Biblioteca Professor Eduardo Afonso de Castro Literatura Estrangeira 24.05.2017 doação   813 / C821.2v 2025-15684 30.01.2025 30.01.2025 Livros

Powered by Koha